Normal view MARC view
  • Flores González, Pedro

Entry Nombre Personal

Number of records used in: 3

001 - NUMERO DE CONTROL

  • campo de control: 52415

003 - IDENTIFICADOR DE NUMERO DE CONTROL

  • campo de control: MX-MxUPN

005 - FECHA Y HORA DE LA ÜLTIMA TRANSACCIÓN

  • campo de control: 20240617111039.0

008 - DATOS DE LONGITUD FIJA

  • campo de control de longitud fija: 240617|| aca||aabn | aaa d

040 ## - FUENTE DE CATALOGACIÓN

  • Agencia original de catalogación: MX-MxUPN
  • Lenguaje de catalogación: spa

100 1# - ENCABEZAMIENTO - NOMBRE PERSONAL

  • Nombre personal: Flores González, Pedro

670 ## - FUENTE EN LA QUE SE LOCALIZARON DATOS

  • Cita de la fuente: Lectura de manuscritos, (1890) :
  • Información localizada: portada (D. Pedro Flores González)

902 ## - CATALOGADOR

  • Catalogador: MaríaRobles/170624